00490nam a22001817a 450000500170000001000430001702000260006003500140008603500160010003700190011603700130013508200060014810000250015424500390017926000310021827000380024930000210028720180618113635.0 a1718EN-30 ENgh-121685 B-686476-77 a9789350330777c175.00 aEN-105217 aB-686476-77 bStar Pub.adpl bDBAD/PUB aN aThoreau, Henry David aWalden / cby Henry David Thoreau  aNoida bMaple Press c2017 aA-63, Sector-58, bNoida e201301 a280p.c21cm(pbk)